| Поле | Название | Значение |
| |
Тип записи |
a |
| |
Библиографический уровень |
m |
| 001 |
Контрольный номер |
RU/URAIT/583680 |
| 005 |
Дата корректировки |
20260429163637.7 |
| 008 |
Кодируемые данные |
260429s2026 RU y f j 000 0 rus u |
| 020 |
Индекс ISBN |
__ |
| a |
ISBN |
978-5-534-15989-9 |
| c |
Цена, тираж |
2209.00 |
| 040 |
Источник каталогиз. |
__ |
| a |
Служба первич. каталог. |
ИКО Юрайт |
| c |
Служба, преобразующая запись |
ИКО Юрайт |
| e |
Правила каталог. |
RCR |
| 041 |
Код языка издания |
__ |
| a |
Код языка текста |
rus |
| 044 |
Код страны публикации |
__ |
| a |
Код страны публикации |
RU |
| 080 |
Индекс УДК |
__ |
| a |
Индекс УДК |
615(075.32) |
| 084 |
Индекс другой классификации/Индекс ББК |
__ |
| 2 |
Источник индекса |
rubbk |
| a |
Индекс другой классификации/Индекс ББК |
52.81я723 |
| 100 |
Автор |
__ |
| a |
Автор |
Коноплева Е. В. |
| q |
Полное имя |
Коноплева Елена Витальевна |
| 245 |
Заглавие |
__ |
| a |
Заглавие |
Фармакология |
| b |
Продолж. заглавия |
учебник и практикум для спо |
| c |
Ответственность |
Е. В. Коноплева. |
| 250 |
Сведения об издании |
__ |
| g |
|
пер. и доп |
| a |
Основные сведения об издании |
3-е изд. |
| 256 |
Характеристики компьютерного файла |
__ |
| a |
Характеристики компьютерного файла |
Электрон. дан. |
| 260 |
Выходные данные |
__ |
| a |
Место издания |
Москва |
| b |
Издательство |
Юрайт |
| c |
Дата издания |
2026 |
| 300 |
Физическое описание |
__ |
| a |
Объем |
428 с |
| 440 |
Серия |
__ |
| a |
Серия |
Профессиональное образование |
| 500 |
Примечания |
__ |
| a |
Примечание |
URL: https://urait.ru/bcode/583680 (дата обращения: 29.04.2026). |
| 520 |
Аннотация |
__ |
| a |
Аннотация |
Изложены вопросы общей рецептуры, общей и частной фармакологии, приведены характеристики основных групп лекарственных препаратов: особенности химического строения, фармакологические аффекты, механизм действия, показания к применению, побочные эффекты, противопоказания. Особенность данного учебника в том, что в нем описываются не только препараты синтетического происхождения, но и лекарственные растительные средства. Задача учебника состоит в формировании у студентов знаний общих особенностей действия лекарственных средств и представлений о наиболее эффективных группах препаратов, отдельных представителях различных групп. |
| 538 |
Прим. о системных особенностях |
__ |
| a |
Прим. о системных особенностях |
Режим доступа: Электронно-библиотечная система Юрайт, для авториз. пользователей |
| 653 |
Ключевые слова |
__ |
| a |
Ключевые слова |
Фармакология и медицинская химия |
| 653 |
Ключевые слова |
__ |
| a |
Ключевые слова |
Медицина и фармакология |
| 653 |
Ключевые слова |
__ |
| a |
Ключевые слова |
Клиническая фармакология |
| 653 |
Ключевые слова |
__ |
| a |
Ключевые слова |
Фармакология |
| 653 |
Ключевые слова |
__ |
| a |
Ключевые слова |
Прикладная фармакология |
| 653 |
Ключевые слова |
__ |
| a |
Ключевые слова |
Основы фармакологии |
| 653 |
Ключевые слова |
__ |
| a |
Ключевые слова |
Введение в фармакологию |
| 653 |
Ключевые слова |
__ |
| a |
Ключевые слова |
Основы фармакологии косметических средств |
| 653 |
Ключевые слова |
__ |
| a |
Ключевые слова |
Сестринское дело |
| 653 |
Ключевые слова |
__ |
| a |
Ключевые слова |
Фармакологи |
| 653 |
Ключевые слова |
__ |
| a |
Ключевые слова |
Фармакология. Общие вопросы |
| 653 |
Ключевые слова |
__ |
| a |
Ключевые слова |
Изготовление лекарственных препаратов в условиях аптечных организаций и ветеринарных аптечных организаций |
| 653 |
Ключевые слова |
__ |
| a |
Ключевые слова |
Оптовая и розничная торговля лекарственными средствами и отпуск лекарственных препаратов для медицинского и ветеринарного применения |
| 653 |
Ключевые слова |
__ |
| a |
Ключевые слова |
Лекарствоведение с основами фармакологии |
| 856 |
Электронный адрес документа |
40 |
| n |
Местонахождение сервера |
Юрайт |
| g |
|
Электронная книга |
| q |
Тип электронного формата |
html |
| h |
Имя пользователя |
ЮРАЙТ |
| v |
Часы доступа к ресурсу |
20271231 |
| 2 |
Способ доступа |
Показать документ |
| x |
Служебное примечание |
https://urait.ru/book/cover/7305F835-A012-40D0-8CB6-28AE9F97ECE1 |
| u |
URL |
https://urait.ru/bcode/583680 |
| 856 |
Электронный адрес документа |
48 |
| q |
Тип электронного формата |
cover |
| u |
URL |
https://urait.ru/book/cover/7305F835-A012-40D0-8CB6-28AE9F97ECE1 |
| 911 |
|
__ |
| u |
|
0030=https://urait.ru/bcode/583680 |
| 911 |
|
__ |
| u |
|
073a=9785534159899 |
| u |
|
073d=2209.00 |
| 911 |
|
__ |
| u |
|
106a=s |
| 911 |
|
__ |
| u |
|
900l= |
| 952 |
Тип литературы |
__ |
| i |
Дисциплина |
Клиническая фармакология |
| 952 |
Тип литературы |
__ |
| i |
Дисциплина |
Фармакология |
| 952 |
Тип литературы |
__ |
| i |
Дисциплина |
Прикладная фармакология |
| 952 |
Тип литературы |
__ |
| i |
Дисциплина |
Основы фармакологии |
| 952 |
Тип литературы |
__ |
| i |
Дисциплина |
Введение в фармакологию |
| 952 |
Тип литературы |
__ |
| i |
Дисциплина |
Основы фармакологии косметических средств |
| 952 |
Тип литературы |
__ |
| i |
Дисциплина |
Сестринское дело |
| 952 |
Тип литературы |
__ |
| i |
Дисциплина |
Фармакологи |
| 952 |
Тип литературы |
__ |
| i |
Дисциплина |
Фармакология. Общие вопросы |
| 952 |
Тип литературы |
__ |
| i |
Дисциплина |
Изготовление лекарственных препаратов в условиях аптечных организаций и ветеринарных аптечных организаций |
| 952 |
Тип литературы |
__ |
| i |
Дисциплина |
Оптовая и розничная торговля лекарственными средствами и отпуск лекарственных препаратов для медицинского и ветеринарного применения |
| 952 |
Тип литературы |
__ |
| i |
Дисциплина |
Лекарствоведение с основами фармакологии |